header

The onset of stuttering (Record no. 39502)

MARC details
000 -LEADER
fixed length control field 01356nam a2200325 a 4500
082 04 - DEWEY DECIMAL CLASSIFICATION NUMBER
Classification number 616.8554
100 1# - MAIN ENTRY--AUTHOR NAME
Personal name Johnson, Wendell,
245 14 - TITLE STATEMENT
Title The onset of stuttering
260 ## - PUBLICATION, DISTRIBUTION, ETC. (IMPRINT)
Place of publication Minneapolis :
Name of publisher University of Minnesota Press,
Year of publication [1959]
300 ## - PHYSICAL DESCRIPTION
Number of Pages ix, 276, 243 p. :
Other physical details ill.
505 0# - FORMATTED CONTENTS NOTE
Formatted contents note pt. 1. The earlier studies -- pt. 2. Study III -- pt. 3. Summary and conclusions.
650 #0 - SUBJECT ADDED ENTRY--TOPICAL TERM
Topical Term Stuttering.
700 1# - ADDED ENTRY--PERSONAL NAME
Personal name Boehmler, Richard M.
856 40 - ELECTRONIC LOCATION AND ACCESS
Uniform Resource Identifier http://site.ebrary.com/lib/rucke/Doc?id=10231102

No items available.

© 2026 Rongo University
Contact us: librarian | system librarian | Rongo university